| 000 | 00908nam a22002297a 4500 | ||
|---|---|---|---|
| 999 |
_c64642 _d64642 |
||
| 005 | 20240530110742.0 | ||
| 008 | 180926s2018 ua g 000 0 ara d | ||
| 017 |
_a2018/13767 _bمصر. دار الكتب |
||
| 040 |
_aEG-CaGPL _cEG-CaGPL |
||
| 082 | 0 | 4 |
_221 _a190/ _bر ف |
| 100 | 0 | _aرمضان الصباغ | |
| 245 | 1 | 2 |
_aالفكر السياسى المعاصر بين الشمولية واللاهوت : _bالماركسية - النازية - هيدجر - ماريتان / _cرمضان الصباغ |
| 250 | _aط. 1 | ||
| 260 |
_aالاسكندرية : _bدار الوفاء لدنيا الطباعة و النشر ، _c2018. |
||
| 300 |
_a451 ص. : _bايض. ؛ _c24 سم. |
||
| 650 | 0 | 7 |
_2qrmak _aالماركسية |
| 650 | 0 | 7 |
_2qrmak _aالنازية |
| 650 | 0 | 7 |
_2qrmak _aالمذاهب السياسية |
| 651 | _2qrmak | ||
| 942 |
_2ddc _cBK |
||